Systém personálneho kontrolingu v podmienkach Slovenskej pošty
Historický pohľad na vznik personálneho kontrolingu. Prezentácia skúseností s pilotnou implementáciou návrhu systému personálneho kontrolingu určeného na podporu rozhodovania manažérov v riadení ľudských zdrojov.
Saved in:
| Main Author: | |
|---|---|
| Other Authors: | |
| Format: | Book Chapter |
| Language: | Slovak |
| Subjects: | |
| Tags: |
No Tags, Be the first to tag this record!
|
MARC
| LEADER | 00000naa a2200000 4500 | ||
|---|---|---|---|
| 001 | 0208619 | ||
| 005 | 20221019174847.1 | ||
| 041 | 0 | |a slo | |
| 044 | |a SK | ||
| 245 | 1 | 0 | |a Systém personálneho kontrolingu v podmienkach Slovenskej pošty |c Milota Vetráková, Juraj Donoval |
| 520 | |a Historický pohľad na vznik personálneho kontrolingu. Prezentácia skúseností s pilotnou implementáciou návrhu systému personálneho kontrolingu určeného na podporu rozhodovania manažérov v riadení ľudských zdrojov. | ||
| 610 | 2 | 0 | |a kontroling personálny |
| 610 | 2 | 0 | |a riadenie ľudských zdrojov |
| 610 | 2 | 0 | |a pošty |
| 610 | 2 | 0 | |a Slovensko |
| 610 | 2 | 0 | |a riadenie strategické |
| 100 | 1 | |a Vetráková, Milota | |
| 700 | 1 | |a Donoval, Juraj | |